AH International Schools' Libraries

Cat Treats: (Record no. 48723)

MARC details
000 -LEADER
fixed length control field 00340nam a2200121 4500
020 ## - INTERNATIONAL STANDARD BOOK NUMBER
International Standard Book Number 9780600607199
100 ## - MAIN ENTRY--PERSONAL NAME
Personal name Anderson, Janis,
Relator term author.
9 (RLIN) 86178
245 ## - TITLE STATEMENT
Title Cat Treats:
Remainder of title fun-fact-food /
Statement of responsibility, etc By Janis Anderson.
260 ## - PUBLICATION, DISTRIBUTION, ETC. (IMPRINT)
Place of publication, distribution, etc UK. :
Name of publisher, distributor, etc Hamlyn ;
Date of publication, distribution, etc January 1, 2002.
300 ## - PHYSICAL DESCRIPTION
Extent 64 pages.
650 ## - SUBJECT ADDED ENTRY--TOPICAL TERM
9 (RLIN) 83742
Topical term or geographic name as entry element Animals. Pets
942 ## - ADDED ENTRY ELEMENTS (KOHA)
Source of classification or shelving scheme
Koha item type Book
Holdings
Withdrawn status Lost status Source of classification or shelving scheme Damaged status Not for loan Home library Current library Date acquired Total Checkouts Full call number Barcode Date last seen Date checked out Price effective from Koha item type
          Logos International School Logos International School 03/25/2025 3 J 636.8 AND 040566 03/31/2026 03/17/2026 03/25/2025 Book

For any Logos Library related questions please contact Miss Art at swongnarasuk@asianhope.org.

For any Asian Hope Library related questions please contact Miss Raza at graza@asianhope.org.

Powered by Koha